Smart helmet using raspberry PI (Record no. 33613)
[ view plain ]
| 000 -LEADER | |
|---|---|
| fixed length control field | 00480nam a2200133Ia 4500 |
| 008 - FIXED-LENGTH DATA ELEMENTS--GENERAL INFORMATION | |
| fixed length control field | 260210s9999 xx 000 0 und d |
| 024 ## - OTHER STANDARD IDENTIFIER | |
| Standard number or code | 16B-210-EI, 16B-207-EI, 16B-173-EI & 16B-239-EI |
| 082 ## - DEWEY DECIMAL CLASSIFICATION NUMBER | |
| Classification number | 004.1675 ZAH |
| 100 ## - MAIN ENTRY--PERSONAL NAME | |
| Personal name | Ahmed Jayyad Zaheer, Muhammad Rawaha, Iqra Sarwar & Sidrah Ilyas Siddiqui |
| 245 #0 - TITLE STATEMENT | |
| Title | Smart helmet using raspberry PI |
| 260 ## - PUBLICATION, DISTRIBUTION, ETC. | |
| Place of publication, distribution, etc. | Karachi: |
| Name of publisher, distributor, etc. | UITU, |
| Date of publication, distribution, etc. | 2016 |
| 600 ## - SUBJECT ADDED ENTRY--PERSONAL NAME | |
| Personal name | Telecommunication Engineering |
| 650 ## - SUBJECT ADDED ENTRY--TOPICAL TERM | |
| Topical term or geographic name entry element | Bachelor of Engineering (BE) |
No items available.

